| 000 | 00378pab a2200145 454500 | ||
|---|---|---|---|
| 008 | 180718b1988 xxu||||| |||| 00| 0 eng d | ||
| 100 | _aSen, A.N. | ||
| 245 | _aFreedom of the press and the role of the press coucil of India | ||
| 260 | _c1988 | ||
| 300 | _a1-17 | ||
| 362 | _aApr. | ||
| 650 | _aPress - India | ||
| 773 | _aPress Council of the Indian Review | ||
| 909 | _a16044 | ||
| 999 |
_c16044 _d16044 |
||